000 00262nam a2200109Ia 4500
008 190907s9999||||xx |||||||||||||| ||und||
100 _aDavid A.
245 0 _aDevelopming Management Skills
260 _aUSA
_bAddison - Wesley
_c1995
300 _a775
942 _cBK
999 _c6558
_d6558